000 00472nam a2200145 i 4500
001 bg
245 0 _aKatalog Nakładów Rzeczowych nr 7-30 /
_cMinisterstwo Rolnictwa i Gospodarki Żywnościowej ; [Ośrodek Badawczo-Rozwojowy Mechanizacji Produkcji Zwierzęcej "MEPROZET"].
254 _aKNR7-30
260 _aWarszawa :
_bMRiGŻ,
_c1984.
650 9 _abudynki inwentarskie
040 _cBPK
041 _apl
942 _cKA
008 s pl f |000 0 pol
999 _c24119
_d24119
856 _uhttp://koha.tu.koszalin.pl/cgi-bin/koha/opac-detail.pl?biblionumber=24119
_yKatalog online BPK